000 00485nam a22001457a 4500
003 MACL
005 20200717131547.0
008 200717b xxu||||| |||| 00| 0 eng d
040 _cMACL
100 _aअवस्‍थी,डॉ. सुरेश
_979058
245 _aहास्‍य व्‍यंग्‍य सरताज
260 _aदिल्‍ली
_bकल्‍पना प्रकाशन
650 _aव्‍यंग्‍य
_979059
942 _2ddc
_cHIN
999 _c62696
_d62696